[Event "Quebec-ch U18"]
[Site "Montreal CAN"]
[Date "1998.03.06"]
[Round "4"]
[White "Charbonneau, Pascal"]
[Black "Dumesnil, Etienne"]
[Result "1-0"]
[WhiteElo "2126"]
[BlackElo "1769"]
[PlyCount "83"]
[GameId "2160767911873815"]
[EventDate "1998.03.05"]
[EventType "tourn"]
[EventRounds "7"]
[EventCountry "CAN"]
[SourceTitle "EXT 2000"]
[Source "ChessBase"]
[SourceDate "1999.11.18"]
[SourceVersion "1"]
[SourceVersionDate "1999.11.18"]
[SourceQuality "1"]

1. e4 e5 2. Nf3 Nc6 3. d4 exd4 4. Nxd4 Bb4+ 5. c3 Be7 6. Bc4 Nf6 7. Nxc6 bxc6 8. e5 Ne4 9. Nd2 Nxd2 10. Bxd2 d5 11. Bd3 O-O 12. O-O Be6 13. Qe2 Qd7 14. Rac1 Rab8 15. b3 c5 16. c4 d4 17. Rce1 Rfe8 18. f4 f5 19. exf6 Bxf6 20. Qh5 g6 21. Qxc5 Be7 22. Qa5 c5 23. Bc1 Bd6 24. Qd2 Bf5 25. g3 Bxd3 26. Qxd3 Rxe1 27. Rxe1 Re8 28. Rxe8+ Qxe8 29. Kf2 Qd7 30. Qe4 Kg7 31. Qd5 h5 32. b4 Qa4 33. Ke2 Qe8+ 34. Kd3 Qe1 35. Bd2 Qb1+ 36. Ke2 Be7 37. bxc5 Bf6 38. c6 Qg1 39. c7 Qxh2+ 40. Kd1 Qg1+ 41. Kc2 d3+ 42. Qxd3 1-0

[Event "Quebec-ch U18"]
[Site "Montreal CAN"]
[Date "1998.03.07"]
[Round "5"]
[White "Gottlieb, Jonathan"]
[Black "Charbonneau, Pascal"]
[Result "1-0"]
[WhiteElo "1873"]
[BlackElo "2126"]
[PlyCount "83"]
[GameId "2160767911873819"]
[EventDate "1998.03.05"]
[EventType "tourn"]
[EventRounds "7"]
[EventCountry "CAN"]
[SourceTitle "EXT 2000"]
[Source "ChessBase"]
[SourceDate "1999.11.18"]
[SourceVersion "1"]
[SourceVersionDate "1999.11.18"]
[SourceQuality "1"]

1. e4 c5 2. Nf3 e6 3. d4 cxd4 4. Nxd4 Nc6 5. Nc3 Qc7 6. Be3 a6 7. Be2 b5 8. Qd2 Bb7 9. f3 Nf6 10. g4 Nxd4 11. Bxd4 e5 12. Be3 Bb4 13. O-O-O O-O-O 14. a3 Bxc3 15. Qxc3 Qxc3 16. bxc3 d5 17. g5 Ne8 18. f4 f6 19. fxe5 fxe5 20. Rhf1 Kb8 21. exd5 Rxd5 22. Rxd5 Bxd5 23. Rf5 Nc7 24. Rxe5 Re8 25. Rxe8+ Nxe8 26. Bf4+ Kb7 27. Kd2 Kc6 28. Ke3 g6 29. Be5 Kc5 30. h4 Bc4 31. Bf3 Bd5 32. Bg4 Bf7 33. Bc8 Kd5 34. Kf4 Kc6 35. Ke4 a5 36. Kd4 Ba2 37. Bg4 Bc4 38. Bf3+ Kd7 39. Bd5 Be2 40. Kc5 Nc7 41. Bxc7 Kxc7 42. Bg8 1-0

[Event "Quebec-ch U18"]
[Site "Montreal CAN"]
[Date "1998.03.07"]
[Round "6"]
[White "Charbonneau, Pascal"]
[Black "Marineau, Remi"]
[Result "1/2-1/2"]
[WhiteElo "2126"]
[BlackElo "1777"]
[PlyCount "49"]
[GameId "2160767911873822"]
[EventDate "1998.03.05"]
[EventType "tourn"]
[EventRounds "7"]
[EventCountry "CAN"]
[SourceTitle "EXT 2000"]
[Source "ChessBase"]
[SourceDate "1999.11.18"]
[SourceVersion "1"]
[SourceVersionDate "1999.11.18"]
[SourceQuality "1"]

1. e4 c5 2. Nf3 e6 3. d3 d5 4. Nbd2 Nc6 5. g3 Nf6 6. Bg2 Bd6 7. O-O O-O 8. Nh4 b5 9. f4 c4 10. e5 Bc5+ 11. Kh1 Nd7 12. Ndf3 Qb6 13. c3 cxd3 14. Qxd3 b4 15. c4 dxc4 16. Qxc4 Ba6 17. Qe4 Bxf1 18. Bxf1 Rfd8 19. f5 exf5 20. Nxf5 Ndxe5 21. Ng5 Ng6 22. Nxf7 Rd1 23. N7h6+ Kh8 24. Nf7+ Kg8 25. N7h6+ 1/2-1/2

[Event "Quebec-ch U18"]
[Site "Montreal CAN"]
[Date "1998.03.08"]
[Round "7"]
[White "Airapetyan, David"]
[Black "Charbonneau, Pascal"]
[Result "0-1"]
[WhiteElo "1811"]
[BlackElo "2126"]
[PlyCount "78"]
[GameId "2160767911873826"]
[EventDate "1998.03.05"]
[EventType "tourn"]
[EventRounds "7"]
[EventCountry "CAN"]
[SourceTitle "EXT 2000"]
[Source "ChessBase"]
[SourceDate "1999.11.18"]
[SourceVersion "1"]
[SourceVersionDate "1999.11.18"]
[SourceQuality "1"]

1. d4 f5 2. f4 Nf6 3. e3 g6 4. Nf3 Bg7 5. Bd3 O-O 6. O-O d6 7. c3 Nc6 8. Bc4+ e6 9. a3 Qe7 10. Nbd2 Kh8 11. Qe2 e5 12. Re1 e4 13. Ng5 d5 14. Ba2 Nd8 15. b3 h6 16. Nh3 Be6 17. Bb2 Bf7 18. Bb1 Ne6 19. Bc2 g5 20. g3 Rg8 21. Rf1 Bh5 22. Qe1 Bg4 23. Kg2 c5 24. Nf2 gxf4 25. gxf4 cxd4 26. cxd4 Rac8 27. Rc1 Qf7 28. Nxg4 Nxg4 29. Bd1 Rxc1 30. Bxc1 Nxe3+ 31. Qxe3 Bxd4+ 32. Qg3 Rxg3+ 33. hxg3 Qg6 34. Nb1 Nc5 35. Rh1 Nd3 36. Bh5 Qg7 37. Rd1 Kh7 38. a4 Nxc1 39. Rxc1 Be3 0-1

[Event "CYCC-U18"]
[Site "Montreal CAN"]
[Date "1998.01.31"]
[Round "1"]
[White "Chin, Garrett"]
[Black "Charbonneau, Pascal"]
[Result "0-1"]
[WhiteElo "2030"]
[BlackElo "2320"]
[PlyCount "73"]
[GameId "2160767911874025"]
[EventDate "1998.01.31"]
[EventType "swiss"]
[EventRounds "5"]
[EventCountry "CAN"]

1. d4 Nf6 2. Nc3 c5 3. d5 d6 4. e4 e5 5. Nf3 g6 6. Be2 Bg7 7. O-O O-O 8. Ne1 Ne8 9. f4 exf4 10. Bxf4 Nd7 11. Nf3 Qe7 12. Nd2 Ne5 13. Qe1 Bd7 14. Qg3 h6 15. Nf3 Rb8 16. a4 Nxf3+ 17. Bxf3 g5 18. Bd2 Be5 19. Qe1 Ng7 20. g3 Rbe8 21. Qe2 f5 22. Rae1 a6 23. b3 Qf6 24. Qc4 Qg6 25. a5 Bxc3 26. Qxc3 fxe4 27. Bg2 Rxf1+ 28. Rxf1 Nf5 29. Be3 Qg7 30. Qd2 Nd4 31. Bxd4 cxd4 32. Qb4 Bb5 33. Re1 Qf6 34. c4 dxc3 35. Bxe4 Rf8 36. Rc1 Qf2+ 37. Kh1 0-1

[Event "CYCC-U18"]
[Site "Montreal CAN"]
[Date "1998.01.31"]
[Round "2"]
[White "Charbonneau, Pascal"]
[Black "Peredun, Andrew"]
[Result "1-0"]
[WhiteElo "2320"]
[BlackElo "2131"]
[PlyCount "117"]
[GameId "2160767911874031"]
[EventDate "1998.01.31"]
[EventType "swiss"]
[EventRounds "5"]
[EventCountry "CAN"]

1. e4 c5 2. Nf3 Nc6 3. Nc3 g6 4. d4 cxd4 5. Nxd4 Bg7 6. Be3 Nf6 7. Bc4 d6 8. h3 O-O 9. Bb3 Bd7 10. O-O Nxd4 11. Bxd4 Bc6 12. Re1 e5 13. Be3 Nxe4 14. Nxe4 Bxe4 15. Qd2 Qc7 16. Rad1 Rfc8 17. c3 Bf8 18. f4 d5 19. fxe5 Qxe5 20. Bf4 Bc5+ 21. Kh2 Qf6 22. Rf1 Bd6 23. g3 Bxf4 24. Rxf4 Qe5 25. Bxd5 Bxd5 26. Qxd5 Qe2+ 27. Kg1 Rf8 28. Rf2 Qe3 29. Qf3 Qe6 30. Kg2 Qxa2 31. Rd7 b6 32. Qb7 Qe6 33. Re7 Qb3 34. h4 Rae8 35. Qxa7 Qd5+ 36. Kh2 Rxe7 37. Qxe7 b5 38. Re2 Qb3 39. h5 Qd5 40. Qe5 Qxe5 41. Rxe5 Rb8 42. h6 Kf8 43. Kg2 f6 44. Rc5 Rb7 45. Kf3 Ke7 46. Rc8 Ke6 47. Ke4 b4 48. c4 b3 49. Rc6+ Kf7 50. c5 Rb4+ 51. Kd5 g5 52. Rb6 Rg4 53. Rxb3 Ra4 54. Rc3 Kg6 55. c6 Ra8 56. c7 Rc8 57. b4 Kxh6 58. b5 Kh5 59. b6 1-0

[Event "CYCC-U18"]
[Site "Montreal CAN"]
[Date "1998.01.31"]
[Round "3"]
[White "Zugic, Igor"]
[Black "Charbonneau, Pascal"]
[Result "1-0"]
[WhiteElo "2375"]
[BlackElo "2320"]
[PlyCount "113"]
[GameId "2160767911874038"]
[EventDate "1998.01.31"]
[EventType "swiss"]
[EventRounds "5"]
[EventCountry "CAN"]

1. d4 Nf6 2. Nf3 e6 3. c4 b6 4. g3 Ba6 5. Qa4 c6 6. Nc3 d5 7. cxd5 exd5 8. Bg2 Be7 9. Bg5 O-O 10. Bxf6 Bxf6 11. O-O Bb7 12. e4 Na6 13. exd5 cxd5 14. Rfe1 Nc7 15. Ne5 g6 16. Rad1 Bg7 17. f4 a6 18. Qb3 Qd6 19. Kh1 Rab8 20. Rd2 Rfe8 21. Rde2 Red8 22. Qd1 Bc8 23. h3 Be6 24. Qd2 f6 25. Nd3 Bf7 26. a3 Kf8 27. Qc2 Ne6 28. Qd1 Nxd4 29. Rd2 Nc6 30. Kh2 f5 31. Qa4 a5 32. Nb5 Qd7 33. Qd1 Re8 34. Rxe8+ Rxe8 35. a4 Rd8 36. Ne1 Nb4 37. Nf3 Na6 38. h4 Nc5 39. Ng5 Bg8 40. Nf3 Ne4 41. Rc2 Nc5 42. Nfd4 Bf7 43. Bf3 Re8 44. Rd2 Re7 45. Kg2 Bf6 46. Nc3 Ne4 47. Bxe4 dxe4 48. Ndb5 Qc6 49. Rd6 Qb7 50. Rxf6 e3+ 51. Kh2 e2 52. Nxe2 Qf3 53. Nbd4 Qf2+ 54. Kh3 Kg7 55. Rd6 Bc4 56. Qg1 Qf3 57. Nxf3 1-0

[Event "CYCC-U18"]
[Site "Montreal CAN"]
[Date "1998.02.01"]
[Round "4"]
[White "Charbonneau, Pascal"]
[Black "Hua, Lefong"]
[Result "1-0"]
[WhiteElo "2320"]
[BlackElo "2317"]
[PlyCount "75"]
[GameId "2160767911874041"]
[EventDate "1998.01.31"]
[EventType "swiss"]
[EventRounds "5"]
[EventCountry "CAN"]

1. e4 c5 2. Nf3 e6 3. d4 cxd4 4. Nxd4 a6 5. Bd3 Qc7 6. O-O Nc6 7. Nxc6 bxc6 8. Nd2 Nf6 9. f4 d6 10. b3 e5 11. Bb2 exf4 12. Rxf4 Be7 13. Qe2 O-O 14. e5 dxe5 15. Bxe5 Bd6 16. Bxd6 Qxd6 17. Raf1 Qe6 18. Qf3 Ng4 19. Nc4 g6 20. h3 Nh6 21. Rf6 Qe7 22. Qxc6 Be6 23. Qd6 Qa7+ 24. R6f2 Rfd8 25. Qf4 Nf5 26. Ne5 Qd4 27. Qxd4 Rxd4 28. g4 Nd6 29. Nc6 Rxd3 30. cxd3 Kg7 31. Ne5 f5 32. g5 Rc8 33. Nc4 Nf7 34. h4 h6 35. gxh6+ Nxh6 36. Re2 Bf7 37. Rfe1 f4 38. Rf2 1-0

[Event "CYCC-U18"]
[Site "Montreal CAN"]
[Date "1998.02.01"]
[Round "5"]
[White "Wu, Douglas"]
[Black "Charbonneau, Pascal"]
[Result "0-1"]
[WhiteElo "1979"]
[BlackElo "2320"]
[PlyCount "64"]
[GameId "2160767911874044"]
[EventDate "1998.01.31"]
[EventType "swiss"]
[EventRounds "5"]
[EventCountry "CAN"]

1. d4 d5 2. e3 Nf6 3. Bd3 c5 4. c3 Nc6 5. f4 e6 6. Nd2 b6 7. Ngf3 Bb7 8. O-O Be7 9. Ne5 O-O 10. Qf3 g6 11. g4 Nd7 12. Qh3 f5 13. gxf5 exf5 14. Qh6 Ndxe5 15. fxe5 Bg5 16. Qh3 Qe7 17. Nf3 Nd8 18. Rf2 Ne6 19. Qf1 Bh6 20. Qh3 Kg7 21. Rg2 f4 22. Bf5 Rxf5 23. Qxf5 Rf8 24. Qd3 Qf7 25. Rf2 Ba6 26. Qxa6 fxe3 27. Rf1 Qf5 28. Nh4 Qg4+ 29. Ng2 Nf4 30. Rxf4 Bxf4 31. Qd3 Bxh2+ 32. Kxh2 Rf2 0-1

[Event "CAN-ch U20 1997-98"]
[Site "Winnipeg CAN"]
[Date "1997.12.27"]
[Round "1"]
[White "Charbonneau, Pascal"]
[Black "Olson, Hans"]
[Result "1-0"]
[WhiteElo "2279"]
[BlackElo "1862"]
[PlyCount "39"]
[GameId "2160767911874209"]
[EventDate "1997.12.27"]
[EventType "tourn"]
[EventRounds "11"]
[EventCountry "CAN"]
[SourceTitle "EXT 2001"]
[Source "ChessBase"]
[SourceDate "2000.11.22"]
[SourceVersion "1"]
[SourceVersionDate "2000.11.22"]
[SourceQuality "1"]

1. e4 e5 2. Nf3 Nc6 3. d4 exd4 4. Nxd4 Bc5 5. Be3 Qf6 6. c3 Nge7 7. Bc4 d6 8. O-O Qg6 9. f4 Qxe4 10. Re1 Nxd4 11. Bxd4 Bxd4+ 12. cxd4 Qxf4 13. Nc3 Bg4 14. Qb3 Kd7 15. Rxe7+ Kd8 16. Re4 Qg5 17. Qxb7 Rc8 18. Qd5 Qxd5 19. Bxd5 Bh5 20. Bc6 1-0

[Event "CAN-ch U20 1997-98"]
[Site "Winnipeg CAN"]
[Date "1997.12.27"]
[Round "2"]
[White "Chin, Garrett"]
[Black "Charbonneau, Pascal"]
[Result "0-1"]
[WhiteElo "1985"]
[BlackElo "2279"]
[PlyCount "38"]
[GameId "2160767911874215"]
[EventDate "1997.12.27"]
[EventType "tourn"]
[EventRounds "11"]
[EventCountry "CAN"]
[SourceTitle "EXT 2001"]
[Source "ChessBase"]
[SourceDate "2000.11.22"]
[SourceVersion "1"]
[SourceVersionDate "2000.11.22"]
[SourceQuality "1"]

1. d4 d5 2. e4 c6 3. Nc3 dxe4 4. Bc4 Nf6 5. f3 exf3 6. Nxf3 e6 7. Bg5 Be7 8. O-O Nbd7 9. Qd2 O-O 10. h3 c5 11. Bd3 cxd4 12. Nxd4 Nc5 13. Be3 Nxd3 14. cxd3 Nd5 15. Bf2 Bg5 16. Qe2 Nf4 17. Qf3 e5 18. Nb3 Qxd3 19. Be3 Nxh3+ 0-1

[Event "CAN-ch U20 1997-98"]
[Site "Winnipeg CAN"]
[Date "1997.12.28"]
[Round "3"]
[White "Charbonneau, Pascal"]
[Black "Henson, Joshua"]
[Result "1-0"]
[WhiteElo "2279"]
[BlackElo "2014"]
[PlyCount "58"]
[GameId "2160767911874222"]
[EventDate "1997.12.27"]
[EventType "tourn"]
[EventRounds "11"]
[EventCountry "CAN"]
[SourceTitle "EXT 2001"]
[Source "ChessBase"]
[SourceDate "2000.11.22"]
[SourceVersion "1"]
[SourceVersionDate "2000.11.22"]
[SourceQuality "1"]

1. e4 d5 2. exd5 Nf6 3. d4 Bg4 4. Nf3 Qxd5 5. Be2 e6 6. c4 Qf5 7. h3 Bxf3 8. Bxf3 Nc6 9. Be3 Bb4+ 10. Nc3 O-O 11. O-O Rfd8 12. Qb3 Bxc3 13. Qxc3 Ne4 14. Bxe4 Qxe4 15. Rad1 Rd7 16. Rfe1 Qh4 17. d5 exd5 18. Rxd5 Qd8 19. Qb3 Rxd5 20. cxd5 Na5 21. Qb5 c6 22. dxc6 bxc6 23. Qc5 Qc7 24. Rc1 Rb8 25. b4 Nb7 26. Qxc6 Qe7 27. Bxa7 Ra8 28. Be3 Rxa2 29. Qc8+ Nd8 1-0

[Event "CAN-ch U20 1997-98"]
[Site "Winnipeg CAN"]
[Date "1997.12.28"]
[Round "4"]
[White "Charbonneau, Pascal"]
[Black "Gulati, Justin"]
[Result "1-0"]
[WhiteElo "2279"]
[BlackElo "2062"]
[PlyCount "35"]
[GameId "2160767911874228"]
[EventDate "1997.12.27"]
[EventType "tourn"]
[EventRounds "11"]
[EventCountry "CAN"]
[SourceTitle "EXT 2001"]
[Source "ChessBase"]
[SourceDate "2000.11.22"]
[SourceVersion "1"]
[SourceVersionDate "2000.11.22"]
[SourceQuality "1"]

1. e4 g6 2. d4 Bg7 3. Nc3 d6 4. Bc4 Nf6 5. Qe2 Nc6 6. e5 Nxd4 7. exf6 Nxe2 8. fxg7 Rg8 9. Ngxe2 Rxg7 10. Bh6 Rg8 11. O-O-O Bf5 12. Rhe1 c6 13. Nd4 Qc7 14. Ndb5 cxb5 15. Nxb5 Qb6 16. Nxd6+ Kd7 17. Nxf5+ Kc6 18. Nxe7+ 1-0

[Event "CAN-ch U20 1997-98"]
[Site "Winnipeg CAN"]
[Date "1997.12.29"]
[Round "5"]
[White "Kirby, Patrick"]
[Black "Charbonneau, Pascal"]
[Result "1/2-1/2"]
[WhiteElo "2099"]
[BlackElo "2279"]
[PlyCount "55"]
[GameId "2160767911874236"]
[EventDate "1997.12.27"]
[EventType "tourn"]
[EventRounds "11"]
[EventCountry "CAN"]
[SourceTitle "EXT 2001"]
[Source "ChessBase"]
[SourceDate "2000.11.22"]
[SourceVersion "1"]
[SourceVersionDate "2000.11.22"]
[SourceQuality "1"]

1. d4 d5 2. c4 dxc4 3. Nf3 Nf6 4. e3 e6 5. Bxc4 a6 6. O-O c5 7. Bb3 Nc6 8. Qe2 cxd4 9. Rd1 Be7 10. exd4 O-O 11. Nc3 Nd5 12. Be3 b6 13. Rac1 Bb7 14. Ne5 Nxe3 15. Nxc6 Bxc6 16. fxe3 Bd5 17. Nxd5 exd5 18. Qf3 Bg5 19. Re1 Qe7 20. Bxd5 Rac8 21. Rcd1 Rc2 22. e4 Rxb2 23. Bb3 Qf6 24. Qxf6 gxf6 25. Kf1 Bf4 26. g3 Bd6 27. Re2 Rxe2 28. Kxe2 1/2-1/2

[Event "CAN-ch U20 1997-98"]
[Site "Winnipeg CAN"]
[Date "1997.12.29"]
[Round "6"]
[White "Goldenberg, Danny"]
[Black "Charbonneau, Pascal"]
[Result "0-1"]
[WhiteElo "2369"]
[BlackElo "2279"]
[PlyCount "62"]
[GameId "2160767911874241"]
[EventDate "1997.12.27"]
[EventType "tourn"]
[EventRounds "11"]
[EventCountry "CAN"]
[SourceTitle "EXT 2001"]
[Source "ChessBase"]
[SourceDate "2000.11.22"]
[SourceVersion "1"]
[SourceVersionDate "2000.11.22"]
[SourceQuality "1"]

1. d4 d5 2. e4 dxe4 3. Nc3 Nf6 4. Bg5 Bf5 5. Nge2 Nbd7 6. Ng3 Bg6 7. d5 c6 8. dxc6 bxc6 9. Bc4 Qa5 10. Bxf6 Nxf6 11. O-O e3 12. fxe3 e6 13. Qf3 Rc8 14. Bd3 Be7 15. e4 O-O 16. Kh1 Nd7 17. Nf5 Bf6 18. Qh3 Rb8 19. Nd1 Bg5 20. Nd4 Qc7 21. Nf3 Bf6 22. Rb1 Nc5 23. Re1 Nxd3 24. cxd3 Rfd8 25. d4 Bxd4 26. Nxd4 Rxd4 27. Nc3 Rd2 28. b3 Rbd8 29. Rbc1 Qe5 30. Qe3 R2d3 31. Red1 Qxc3 0-1

[Event "CAN-ch U20 1997-98"]
[Site "Winnipeg CAN"]
[Date "1997.12.30"]
[Round "7"]
[White "Charbonneau, Pascal"]
[Black "Filion, Charles"]
[Result "1/2-1/2"]
[WhiteElo "2279"]
[BlackElo "2223"]
[PlyCount "128"]
[GameId "2160767911874246"]
[EventDate "1997.12.27"]
[EventType "tourn"]
[EventRounds "11"]
[EventCountry "CAN"]
[SourceTitle "EXT 2001"]
[Source "ChessBase"]
[SourceDate "2000.11.22"]
[SourceVersion "1"]
[SourceVersionDate "2000.11.22"]
[SourceQuality "1"]

1. e4 c5 2. Nf3 d6 3. d4 cxd4 4. Nxd4 Nf6 5. Nc3 a6 6. Bg5 e6 7. f4 Be7 8. Qf3 Qc7 9. O-O-O h6 10. Bh4 Nbd7 11. g4 g5 12. fxg5 Ne5 13. Qg3 Nfxg4 14. gxh6 Bxh4 15. Qxh4 Rxh6 16. Qg3 Qe7 17. Be2 Qh4 18. Nf3 Nxf3 19. Bxf3 Qxg3 20. hxg3 Rxh1 21. Rxh1 Ne5 22. Rh8+ Ke7 23. Be2 b5 24. b4 Bb7 25. Rxa8 Bxa8 26. a4 Nc6 27. axb5 axb5 28. Bxb5 Nxb4 29. Kd2 Kf6 30. Ba4 Ke5 31. Ke3 Na6 32. Be8 f6 33. Bg6 Nc5 34. Bh7 Bc6 35. Bg6 Ba8 36. Bh7 Bb7 37. Bg6 Bc6 38. Bh7 Na4 39. Nd1 d5 40. exd5 Bxd5 41. Bd3 f5 42. Nf2 Nc5 43. Be2 Bc6 44. Nd3+ Nxd3 45. cxd3 Be8 46. d4+ Kd5 47. Bf3+ Kc4 48. Be2+ Kc3 49. g4 f4+ 50. Kxf4 Kxd4 51. g5 Bg6 52. Bb5 e5+ 53. Kf3 e4+ 54. Kf2 e3+ 55. Ke1 Ke5 56. Ba6 Kf4 57. Bb5 Kxg5 58. Ba6 Kf4 59. Bb5 Ke5 60. Ba6 Kd4 61. Bb5 Bd3 62. Bxd3 Kxd3 63. Kd1 e2+ 64. Ke1 Ke3 1/2-1/2

[Event "CAN-ch U20 1997-98"]
[Site "Winnipeg CAN"]
[Date "1997.12.30"]
[Round "8"]
[White "Hua, Lefong"]
[Black "Charbonneau, Pascal"]
[Result "1/2-1/2"]
[WhiteElo "2298"]
[BlackElo "2279"]
[PlyCount "83"]
[GameId "2160767911874254"]
[EventDate "1997.12.27"]
[EventType "tourn"]
[EventRounds "11"]
[EventCountry "CAN"]
[SourceTitle "EXT 2001"]
[Source "ChessBase"]
[SourceDate "2000.11.22"]
[SourceVersion "1"]
[SourceVersionDate "2000.11.22"]
[SourceQuality "1"]

1. d4 d5 2. Nf3 c6 3. c4 dxc4 4. e3 b5 5. a4 e6 6. b3 Bb4+ 7. Bd2 Bxd2+ 8. Nfxd2 cxb3 9. axb5 b2 10. Ra2 Ne7 11. Qb3 cxb5 12. Bxb5+ Nbc6 13. Rxb2 O-O 14. O-O Rb8 15. Qc2 Bd7 16. Nc3 Nf5 17. Nf3 Qa5 18. Ra2 Qc7 19. Rb1 Rfc8 20. Ba6 Nb4 21. Rxb4 Rxb4 22. Bxc8 Bxc8 23. Qd2 Rc4 24. Ne2 f6 25. h3 Qc6 26. Qa5 a6 27. Qd8+ Kf7 28. Nf4 Rc1+ 29. Kh2 Qc4 30. Re2 Ne7 31. Qh8 h6 32. Nd2 Qc7 33. g3 Ng8 34. Qh7 Qc2 35. Qxc2 Rxc2 36. Ne4 Rxe2 37. Nxe2 Ke7 38. N2c3 f5 39. Nc5 Nf6 40. Kg2 Nd7 41. Nb3 Kd6 42. g4 1/2-1/2

[Event "CAN-ch U20 1997-98"]
[Site "Winnipeg CAN"]
[Date "1997.12.31"]
[Round "9"]
[White "Afrah, Navid"]
[Black "Charbonneau, Pascal"]
[Result "0-1"]
[WhiteElo "2210"]
[BlackElo "2279"]
[PlyCount "78"]
[GameId "2160767911874257"]
[EventDate "1997.12.27"]
[EventType "tourn"]
[EventRounds "11"]
[EventCountry "CAN"]
[SourceTitle "EXT 2001"]
[Source "ChessBase"]
[SourceDate "2000.11.22"]
[SourceVersion "1"]
[SourceVersionDate "2000.11.22"]
[SourceQuality "1"]

1. c4 c5 2. Nc3 Nf6 3. g3 e6 4. Bg2 Nc6 5. e3 d5 6. d3 Be7 7. Nge2 d4 8. exd4 cxd4 9. Ne4 Nd7 10. a3 f5 11. Nd2 Nce5 12. Nf4 Nc5 13. Nf3 Nxf3+ 14. Qxf3 O-O 15. h4 e5 16. Qd5+ Qxd5 17. Nxd5 Nxd3+ 18. Ke2 Nxc1+ 19. Raxc1 Bf6 20. Rhd1 Rb8 21. f4 Bd7 22. Kf2 Rfd8 23. Rb1 Kf8 24. Rd2 Bc6 25. fxe5 Bxe5 26. Re1 Re8 27. Rde2 Bd6 28. b4 Rxe2+ 29. Rxe2 Re8 30. Rd2 Be5 31. b5 Bd7 32. Nb4 f4 33. gxf4 Bxf4 34. Rd3 Be3+ 35. Kg3 b6 36. Nd5 Bf5 37. Rd1 g6 38. Re1 Bf4+ 39. Kxf4 Rxe1 0-1

[Event "CAN-ch U20 1997-98"]
[Site "Winnipeg CAN"]
[Date "1997.12.31"]
[Round "9"]
[White "Charbonneau, Pascal"]
[Black "Dutton, Warren"]
[Result "1-0"]
[WhiteElo "2279"]
[BlackElo "2185"]
[PlyCount "41"]
[GameId "2160767911874259"]
[EventDate "1997.12.27"]
[EventType "tourn"]
[EventRounds "11"]
[EventCountry "CAN"]
[SourceTitle "EXT 2001"]
[Source "ChessBase"]
[SourceDate "2000.11.22"]
[SourceVersion "1"]
[SourceVersionDate "2000.11.22"]
[SourceQuality "1"]

1. e4 e5 2. Nf3 f5 3. Nxe5 Qf6 4. d4 d6 5. Nc4 fxe4 6. Nc3 Bf5 7. Be2 c6 8. O-O b5 9. Ne3 b4 10. Nxf5 bxc3 11. Ng3 cxb2 12. Bxb2 d5 13. f3 e3 14. Qd3 Ne7 15. Qxe3 h5 16. Bd3 c5 17. Bb5+ Kf7 18. Ne4 Nf5 19. Qb3 Qb6 20. Qxd5+ Kg6 21. Be8+ 1-0

[Event "CAN-ch U20 1997-98"]
[Site "Winnipeg CAN"]
[Date "1998.01.01"]
[Round "10"]
[White "Zugic, Igor"]
[Black "Charbonneau, Pascal"]
[Result "1/2-1/2"]
[WhiteElo "2373"]
[BlackElo "2279"]
[PlyCount "68"]
[GameId "2160767911874269"]
[EventDate "1997.12.27"]
[EventType "tourn"]
[EventRounds "11"]
[EventCountry "CAN"]
[SourceTitle "EXT 2001"]
[Source "ChessBase"]
[SourceDate "2000.11.22"]
[SourceVersion "1"]
[SourceVersionDate "2000.11.22"]
[SourceQuality "1"]

1. d4 d5 2. c4 dxc4 3. Nf3 Nf6 4. e3 e6 5. Bxc4 c5 6. O-O a6 7. a4 Nc6 8. Qe2 Qc7 9. Nc3 Bd6 10. Rd1 O-O 11. h3 e5 12. dxe5 Nxe5 13. Nd5 Nxd5 14. Bxd5 Bd7 15. Nxe5 Bxe5 16. f4 Bf6 17. e4 Bd4+ 18. Be3 Bxe3+ 19. Qxe3 Rac8 20. a5 Rfd8 21. f5 Bc6 22. Qxc5 Bxd5 23. Qxc7 Rxc7 24. Rxd5 Rxd5 25. exd5 Kf8 26. Re1 Rd7 27. Rd1 Ke7 28. Kf2 Kd6 29. Rd3 Ke5 30. Rb3 Kxf5 31. Rb6 Ke5 32. d6 f5 33. b4 g6 34. Kf3 h6 1/2-1/2

[Event "Masters-Juniors"]
[Site "Montreal CAN"]
[Date "1997.??.??"]
[Round "1"]
[White "Charbonneau, Pascal"]
[Black "Schleifer, Michael"]
[Result "0-1"]
[WhiteElo "2160"]
[BlackElo "2345"]
[PlyCount "70"]
[GameId "2160767911874304"]
[EventDate "1997.12.17"]
[EventType "schev"]
[EventRounds "6"]
[EventCountry "CAN"]
[SourceTitle "EXT 2001"]
[Source "ChessBase"]
[SourceDate "2000.11.22"]
[SourceVersion "1"]
[SourceVersionDate "2000.11.22"]
[SourceQuality "1"]

1. e4 e6 2. d4 d5 3. Nc3 Bb4 4. e5 Qd7 5. Qg4 f5 6. Qg3 c5 7. a3 Bxc3+ 8. bxc3 cxd4 9. cxd4 Nc6 10. Nf3 Qf7 11. h4 h6 12. h5 Nge7 13. Rb1 b6 14. Bd2 Bb7 15. a4 Kd7 16. a5 Kc7 17. a6 Bc8 18. c4 Kd8 19. Qh4 Ke8 20. cxd5 Nxd5 21. Bb5 Bd7 22. O-O Nce7 23. Bd3 Rc8 24. Rfc1 Rxc1+ 25. Rxc1 Bc6 26. Ne1 Kd7 27. Nc2 g5 28. hxg6 Qxg6 29. f3 Rg8 30. Qf2 Qh5 31. Be2 Ng6 32. Ne3 Ndf4 33. d5 exd5 34. e6+ Nxe6 35. Bd3 Ne5 0-1

[Event "Masters-Juniors"]
[Site "Montreal CAN"]
[Date "1997.??.??"]
[Round "2"]
[White "Mikanovic, Goran"]
[Black "Charbonneau, Pascal"]
[Result "1-0"]
[WhiteElo "2305"]
[BlackElo "2160"]
[PlyCount "49"]
[GameId "2160767911874314"]
[EventDate "1997.12.17"]
[EventType "schev"]
[EventRounds "6"]
[EventCountry "CAN"]
[SourceTitle "EXT 2001"]
[Source "ChessBase"]
[SourceDate "2000.11.22"]
[SourceVersion "1"]
[SourceVersionDate "2000.11.22"]
[SourceQuality "1"]

1. d4 d5 2. c4 dxc4 3. Nf3 a6 4. a4 Nf6 5. e3 e6 6. Bxc4 c5 7. O-O Nc6 8. Nc3 Be7 9. Qe2 cxd4 10. Rd1 O-O 11. exd4 Nd5 12. Ne4 b6 13. Bg5 f6 14. Bd2 Re8 15. Nc3 Ncb4 16. Re1 Nc2 17. Qe4 Nxe1 18. Rxe1 f5 19. Qc2 Qd6 20. Qb3 Bb7 21. Rxe6 Qxe6 22. Nxd5 Kh8 23. Ne5 b5 24. Nxe7 bxc4 25. N5g6+ 1-0

[Event "Masters-Juniors"]
[Site "Montreal CAN"]
[Date "1997.??.??"]
[Round "4"]
[White "Charbonneau, Pascal"]
[Black "Hergott, Deen"]
[Result "0-1"]
[WhiteElo "2160"]
[BlackElo "2465"]
[PlyCount "76"]
[GameId "2160767911874322"]
[EventDate "1997.12.17"]
[EventType "schev"]
[EventRounds "6"]
[EventCountry "CAN"]
[SourceTitle "EXT 2001"]
[Source "ChessBase"]
[SourceDate "2000.11.22"]
[SourceVersion "1"]
[SourceVersionDate "2000.11.22"]
[SourceQuality "1"]

1. e4 g6 2. d4 Bg7 3. Nc3 d6 4. Bc4 Nf6 5. Qe2 c6 6. e5 dxe5 7. dxe5 Nd5 8. Bd2 Be6 9. Nf3 Nd7 10. Ng5 Nxc3 11. Bxc3 Bxc4 12. Qxc4 e6 13. Ne4 Nxe5 14. Qb4 a5 15. Nd6+ Kf8 16. Qa3 Kg8 17. Rd1 Qh4 18. O-O Nc4 19. Qb3 Nxd6 20. Rxd6 Rd8 21. Rfd1 Rxd6 22. Rxd6 a4 23. Qxb7 Bxc3 24. bxc3 Qe4 25. Rd1 Kg7 26. Qb4 Rd8 27. Rf1 Qxc2 28. a3 Rd3 29. h4 h5 30. g3 Qxc3 31. Qxa4 Qc5 32. Qf4 Rxa3 33. Rc1 Qd5 34. Qb8 Rd3 35. Qb2+ e5 36. Re1 Rd1 37. Rxd1 Qxd1+ 38. Kh2 Qd4 0-1